[Event "Queima das Fitas op"]
[Site "Coimbra"]
[Date "2024.04.27"]
[Round "5"]
[White "Alegre, Fabio Costa"]
[Black "Batista, Sandro Manuel Almei"]
[Result "1/2-1/2"]
[WhiteElo "1942"]
[BlackElo "1775"]
[PlyCount "87"]
[EventDate "2024.04.25"]
[EventType "swiss"]
[EventRounds "7"]
[EventCountry "POR"]
[SourceTitle "CB18_2024"]
[SourceDate "2024.05.01"]
[SourceVersion "1"]
[SourceVersionDate "2024.05.01"]
[SourceQuality "2"]

1. c4 b6 2. Nc3 Bb7 3. e4 e5 4. Nf3 Nc6 5. g3 Bc5 6. Na4 Be7 7. Bg2 Nf6 8. d3 Bb4+ 9. Nc3 Qe7 10. 0-0 0-0 11. Nb5 Qd8 12. a3 Be7 13. b3 d6 14. Bb2 Nd7 15. Nc3 Nc5 16. b4 Ne6 17. Nd5 Nb8 18. Nxe7+ Qxe7 19. d4 Ng5 20. Nxg5 Qxg5 21. f4 exf4 22. Rxf4 f5 23. Qd2 Nd7 24. Raf1 Rae8 25. exf5 Bxg2 26. Qxg2 Qe7 27. R4f2 Nf6 28. h3 Qe3 29. Kh2 Qd3 30. Rc1 Re3 31. Rc3 Qxd4 32. Rf4 Qe5 33. Rc2 Qe7 34. Bc1 Re1 35. Rff2 Re8 36. Bg5 Qe5 37. Bxf6 Qxf6 38. Rce2 R1xe2 39. Rxe2 Rxe2 40. Qxe2 Qxf5 41. Qe8+ Qf8 42. Qe6+ Qf7 43. Qc8+ Qf8 44. Qe6+ 1/2-1/2

[Event "POR-chT"]
[Site "Ovar"]
[Date "2022.07.22"]
[Round "9.1"]
[White "Alegre, Fabio Costa"]
[Black "Kuzubov, Yuriy"]
[Result "0-1"]
[WhiteElo "1809"]
[BlackElo "2642"]
[PlyCount "44"]
[EventDate "2022.07.16"]
[EventType "team-tourn"]
[EventRounds "9"]
[EventCountry "POR"]
[SourceTitle "CBM 209 Extra"]
[Source "ChessBase"]
[SourceDate "2022.09.30"]
[SourceVersion "1"]
[SourceVersionDate "2022.09.30"]
[SourceQuality "1"]
[WhiteTeam "Montemor o Velho"]
[BlackTeam "Gaia"]
[WhiteTeamCountry "POR"]
[BlackTeamCountry "POR"]

1. d4 Nf6 2. c4 e6 3. Nf3 d5 4. e3 Be7 5. Qc2 0-0 6. a3 b6 7. cxd5 exd5 8. Bd3 c5 9. b3 Bb7 10. dxc5 bxc5 11. 0-0 Nbd7 12. Bb2 a5 13. a4 Bd6 14. Na3 Qe7 15. Nb5 Bb8 16. Qc3 d4 17. exd4 Bxf3 18. Bxh7+ Nxh7 19. Qxf3 Ra6 20. g3 Ng5 21. Qd5 Rd8 22. Rfe1 Ne5 0-1